| Tag |
First Indicator |
Second Indicator |
Subfields |
| LEADER |
00000cam a2200000 a 4500 |
| 001 |
in00001647413 |
| 005 |
20220106093213.0 |
| 008 |
011120s2001 dcu f000 0 eng c |
| 020 |
|
|
|a 016066196X
|
| 035 |
|
|
|a (OCoLC)ocm48528871
|
| 040 |
|
|
|a GPO
|c GPO
|d DLC
|d MvI
|d UtOrBLW
|
| 042 |
|
|
|a pcc
|
| 043 |
|
|
|a n-us---
|
| 049 |
|
|
|a UDOC
|
| 074 |
|
|
|a 1031-A
|
| 074 |
|
|
|a 1031-A (online)
|
| 074 |
|
|
|a 1031-B (MF)
|
| 074 |
|
|
|a 1031-B (online)
|
| 086 |
0 |
|
|a Y 4.SM 1:107-18
|
| 088 |
|
|
|a Serial no. 107-18 (United States. Congress. House. Committee on Small Business)
|
| 110 |
1 |
|
|a United States.
|b Congress.
|b House.
|b Committee on Small Business.
|b Subcommittee on Rural Enterprises, Agriculture, and Technology.
|
| 245 |
1 |
0 |
|a Regrowing rural America through value-added agriculture :
|b hearing before the Subcommittee on Rural Enterprises, Agriculture, and Technology of the Committee on Small Business, House of Representatives, One Hundred Seventh Congress, first session, Washington, DC, July 17, 2001.
|
| 246 |
2 |
|
|a Regrowing rural America through value added agriculture
|
| 264 |
|
1 |
|a Washington :
|b U.S. G.P.O. :
|c 2001.
|
| 264 |
|
2 |
|a Washington :
|b For sale by the Supt. of Docs., U.S. G.P.O. [Congressional Sales Office],
|
| 300 |
|
|
|a iii, 64 pages ;
|c 24 cm.
|
| 336 |
|
|
|a text
|b txt
|2 rdacontent
|
| 337 |
|
|
|a unmediated
|b n
|2 rdamedia
|
| 338 |
|
|
|a volume
|b nc
|2 rdacarrier
|
| 500 |
|
|
|a Distributed to some depository libraries in microfiche.
|
| 500 |
|
|
|a Shipping list number: 2002-0025-P.
|
| 500 |
|
|
|a "Serial number 107-18."
|
| 500 |
|
|
|a Shipping List #: 2002-0025-P
|
| 500 |
|
|
|a Shipping List Date: 11/02/2001
|
| 530 |
|
|
|a Also available via Internet from the GPO Access web site. Addresses as of 12/3/01: http://frwebgate.access.gpo.gov/cgi-bin/getdoc.cgi?dbname=107h̲ouseh̲earings&docid=f:74835.wais (text version), http://frwebgate.access.gpo.gov/cgi-bin/getdoc.cgi?dbname=107h̲ouseh̲earings&docid=f:74835.pdf (PDF version); current access is available via PURLs.
|
| 650 |
|
0 |
|a Agriculture and state
|z United States.
|
| 650 |
|
0 |
|a Agricultural industries
|x Government policy
|z United States.
|
| 650 |
|
0 |
|a Agricultural processing industries
|x Government policy
|z United States.
|
| 650 |
|
0 |
|a Agricultural innovations
|x Government policy
|z United States.
|
| 650 |
|
0 |
|a Rural development
|x Government policy
|z United States.
|
| 856 |
4 |
1 |
|3 Text version:
|u https://purl.fdlp.gov/GPO/LPS16134
|t 0
|
| 856 |
4 |
1 |
|3 PDF version:
|u https://purl.fdlp.gov/GPO/LPS16135
|z Adobe Acrobat Reader required
|t 0
|
| 999 |
|
|
|a MARS
|
| 999 |
f |
f |
|s b9c1b64d-d449-3dea-9eaf-6e6005f9bed5
|i 821571e1-1fdc-355a-a792-61ee1fc51e52
|t 0
|
| 952 |
f |
f |
|a Texas A&M University
|b College Station
|c Electronic Resources
|d Available Online
|t 0
|e Y 4.SM 1:107-18
|h Superintendent of Documents classification
|
| 998 |
f |
f |
|a Y 4.SM 1:107-18
|t 0
|l Available Online
|